Stasi Quiz - Statistiken

Allgemein
  • Dieses Quiz wurde 148 mal gespielt
  • Das Durchschnittsergebnis liegt bei 4 aus 7
Antwortstatistiken
Fragen Antworten % Korrekt
Für was ist „Stasi“ die Abkürzung? Staatssicherheit
97%
Welches Jahr markierte den Beginn der Stasi in der DDR? 1950
83%
In welchem Jahr wurde die Stasi aufgelöst? 1990
83%
Die Stasi war „Schild und Schwert“ welcher Partei? SED
71%
Wer war der bekannteste Minister/Leiter der Stasi? Erich Mielke
48%
Welches war das bekannteste Stasi Untersuchungsgefängnis in Berlin? Hohenschönhausen
35%
Wie hießen inoffizielle Mitarbeiter, die der Stasi Informationen zuspielten? Spitzel
31%
Keine übereinstimmenden Quizze gefunden
Verteilung der Resultate
Anzahl Personen mit jedem Resultat
Perzentil nach korrekt beantworteten Fragen
Ihre Resultats-Entwicklung
Sie haben dieses Quiz noch nicht gespielt